[Event "TUR-ch Seniors 50"]
[Site "Ankara"]
[Date "2023.05.25"]
[Round "7"]
[White "Colak, Mehmet"]
[Black "Cosan, Gokmen"]
[Result "1/2-1/2"]
[WhiteElo "1384"]
[BlackElo "1596"]
[PlyCount "98"]
[EventDate "2023.05.19"]
[EventType "swiss"]
[EventRounds "9"]
[EventCountry "TUR"]
[SourceTitle "CBM 214 Extra"]
[Source "ChessBase"]
[SourceDate "2023.07.31"]
[SourceVersion "1"]
[SourceVersionDate "2023.07.31"]
[SourceQuality "1"]

1. e4 c6 2. d4 d5 3. Nc3 dxe4 4. Nxe4 Nf6 5. Ng3 h5 6. Bc4 h4 7. N3e2 Bg4 8. h3 Bh5 9. Be3 Na6 10. Qd2 Ne4 11. Qc1 Nd6 12. Bb3 Nc7 13. Nf4 e6 14. Nxh5 Rxh5 15. Nf3 Be7 16. Qd2 Nd5 17. Qe2 g6 18. Bd2 a5 19. a3 Qb6 20. a4 Qa6 21. Qxa6 Rxa6 22. 0-0 Nf5 23. Bc4 Ra8 24. Be2 Rh8 25. Rfe1 f6 26. Bd3 Kf7 27. Re2 Ng7 28. Rae1 Bb4 29. c3 Bd6 30. Bc4 Rae8 31. Bb3 Bf4 32. Bxd5 Bxd2 33. Bxe6+ Rxe6 34. Nxd2 b5 35. axb5 cxb5 36. Nb3 a4 37. Nc5 Rxe2 38. Rxe2 Re8 39. Kf1 Ra8 40. Nb7 Nf5 41. Nc5 a3 42. bxa3 Rxa3 43. Ne4 b4 44. cxb4 Nxd4 45. Nd6+ Kf8 46. Re8+ Kg7 47. f4 Rb3 48. Re7+ Kg8 49. Rb7 Nc2 1/2-1/2

[Event "TUR-ch Seniors 50"]
[Site "Ankara"]
[Date "2023.05.21"]
[Round "3"]
[White "Yenice, Yusuf Erkan"]
[Black "Cosan, Gokmen"]
[Result "0-1"]
[WhiteElo "1384"]
[BlackElo "1596"]
[PlyCount "92"]
[EventDate "2023.05.19"]
[EventType "swiss"]
[EventRounds "9"]
[EventCountry "TUR"]
[SourceTitle "CBM 214 Extra"]
[Source "ChessBase"]
[SourceDate "2023.07.31"]
[SourceVersion "1"]
[SourceVersionDate "2023.07.31"]
[SourceQuality "1"]

1. e4 e6 2. d4 d5 3. Nd2 c5 4. Ngf3 Nf6 5. exd5 exd5 6. Bb5+ Bd7 7. Bxd7+ Nbxd7 8. 0-0 Be7 9. Re1 0-0 10. c4 Nb6 11. cxd5 Nfxd5 12. dxc5 Bxc5 13. Ne4 Bb4 14. Bd2 Rc8 15. a3 Bxd2 16. Nexd2 Qf6 17. Qb3 h6 18. Rac1 Rxc1 19. Rxc1 Nf4 20. Kf1 Rd8 21. g3 Nd3 22. Rc3 Qf5 23. g4 Qg6 24. Nh4 Qxg4 25. Rxd3 Rxd3 26. Qxd3 Qxh4 27. Nf3 Qh3+ 28. Kg1 Qg4+ 29. Kf1 Qc4 30. Ne1 Kf8 31. Kg2 Qxd3 32. Nxd3 Nc4 33. a4 Ke7 34. b3 Nd2 35. b4 Kd6 36. a5 b6 37. axb6 axb6 38. f4 Kd5 39. Ne5 f6 40. Nd7 b5 41. Nc5 Ne4 42. Na6 Kc4 43. Kf3 Nc3 44. f5 Nd5 45. Kg4 Nxb4 46. Nc7 Nd5 0-1

[Event "TUR-ch Seniors 50"]
[Site "Ankara"]
[Date "2023.05.19"]
[Round "1"]
[White "Ucan, Halil Levent"]
[Black "Cosan, Gokmen"]
[Result "0-1"]
[WhiteElo "1126"]
[BlackElo "1596"]
[PlyCount "64"]
[EventDate "2023.05.19"]
[EventType "swiss"]
[EventRounds "9"]
[EventCountry "TUR"]
[SourceTitle "CBM 214 Extra"]
[Source "ChessBase"]
[SourceDate "2023.07.31"]
[SourceVersion "1"]
[SourceVersionDate "2023.07.31"]
[SourceQuality "1"]

1. d4 e6 2. Nf3 d5 3. Bf4 c5 4. c3 Nc6 5. e3 Qb6 6. Qc2 Nf6 7. Ne5 Nxe5 8. dxe5 Nd7 9. Nd2 a5 10. a4 Qc7 11. Nf3 g6 12. Bb5 Bg7 13. 0-0 0-0 14. Bxd7 Bxd7 15. b3 Bc6 16. Rfd1 h6 17. h4 Qe7 18. Qe2 Rfd8 19. Bg3 Rab8 20. Nd2 b5 21. axb5 Bxb5 22. c4 dxc4 23. bxc4 Bc6 24. Nf3 Rxd1+ 25. Qxd1 a4 26. Nd2 Rd8 27. Qe2 Qd7 28. Rd1 Qd3 29. Qe1 a3 30. f4 Ba4 31. Ra1 Qc3 32. Ne4 Qxa1 0-1

[Event "TUR Cup 1516"]
[Site "Manavgat"]
[Date "2016.02.06"]
[Round "11"]
[White "Cosan, Gokmen"]
[Black "Duzgun, Abdurrahman"]
[Result "1-0"]
[WhiteElo "1761"]
[BlackElo "1605"]
[PlyCount "83"]
[EventDate "2016.01.30"]
[EventType "swiss"]
[EventRounds "11"]
[EventCountry "TUR"]
[SourceTitle "EXT 2018"]
[Source "ChessBase"]
[SourceDate "2017.10.13"]
[SourceVersion "1"]
[SourceVersionDate "2017.10.13"]
[SourceQuality "1"]

1. d4 d5 2. c4 e6 3. Nc3 c6 4. e4 dxe4 5. Nxe4 Nf6 6. Nxf6+ Qxf6 7. Nf3 h6 8. Bd3 Bd6 9. 0-0 0-0 10. Re1 b6 11. Bd2 Nd7 12. Bc3 Qd8 13. Qe2 Nf6 14. Rad1 Qc7 15. Ne5 a5 16. a3 Bb7 17. h3 c5 18. dxc5 Bxc5 19. Ng4 Nxg4 20. Qxg4 f5 21. Qg6 Qf7 22. Qxe6 Qxe6 23. Rxe6 Rad8 24. Bc2 Rxd1+ 25. Bxd1 Kf7 26. Re1 Be4 27. b4 axb4 28. axb4 Bd6 29. Bb3 Kg6 30. f3 Bg3 31. Rd1 Bc6 32. b5 Bb7 33. Rd7 Rf7 34. Rxf7 Kxf7 35. c5+ Kf8 36. c6 Bc8 37. Bd4 Bc7 38. Kf2 g5 39. g4 fxg4 40. hxg4 Ke7 41. Ke3 Kd6 42. Ke4 1-0

[Event "Manavgat Turkey Cup"]
[Site "Manavgat"]
[Date "2016.01.31"]
[Round "2"]
[White "Acarbay, Aydin"]
[Black "Cosan, Gokmen"]
[Result "1/2-1/2"]
[WhiteElo "1878"]
[BlackElo "1761"]
[PlyCount "105"]
[EventDate "2016.01.30"]
[EventType "swiss"]
[EventRounds "11"]
[EventCountry "TUR"]
[SourceTitle "CBM 170 Extra"]
[Source "ChessBase"]
[SourceDate "2016.02.25"]
[SourceVersion "1"]
[SourceVersionDate "2016.02.25"]
[SourceQuality "1"]

1. d4 Nf6 2. c4 g6 3. Nc3 d5 4. Bg5 Ne4 5. Bh4 Nxc3 6. bxc3 Bg7 7. e3 0-0 8. Nf3 dxc4 9. Bxc4 c5 10. 0-0 Qc7 11. Bg3 Qa5 12. Qb3 cxd4 13. cxd4 Nc6 14. Rac1 Qh5 15. Bd5 Na5 16. Qb5 b6 17. Rc5 bxc5 18. Bxa8 cxd4 19. Qxh5 gxh5 20. Bd5 e6 21. Be4 dxe3 22. fxe3 Ba6 23. Rb1 Bh6 24. Bf4 Bxf4 25. exf4 Rc8 26. f5 exf5 27. Bxf5 Rc5 28. Bd7 Rc2 29. Rb8+ Kg7 30. Ra8 Rc7 31. Be8 Bc4 32. a4 Bd5 33. Rd8 Bxf3 34. gxf3 Nc4 35. Rd5 Kg6 36. Kf2 Re7 37. Bb5 Ne5 38. Rd8 Kg5 39. a5 Rb7 40. Be2 Rd7 41. Rb8 Nd3+ 42. Bxd3 Rxd3 43. Rb5+ f5 44. Rb7 Kf4 45. Rb4+ Ke5 46. h4 Kf6 47. Rb7 Ke5 48. Ke2 Ra3 49. Rxa7 Kf4 50. Rxh7 Rxa5 51. Rxh5 Ra2+ 52. Kf1 Ra3 53. Kg2 1/2-1/2

[Event "Manavgat Turkey Cup"]
[Site "Manavgat"]
[Date "2016.01.30"]
[Round "1"]
[White "Cosan, Gokmen"]
[Black "Burcu, Cagatay"]
[Result "1-0"]
[WhiteElo "1761"]
[BlackElo "2193"]
[PlyCount "117"]
[EventDate "2016.01.30"]
[EventType "swiss"]
[EventRounds "11"]
[EventCountry "TUR"]
[SourceTitle "CBM 170 Extra"]
[Source "ChessBase"]
[SourceDate "2016.02.25"]
[SourceVersion "1"]
[SourceVersionDate "2016.02.25"]
[SourceQuality "1"]

1. d4 d5 2. c4 c6 3. e3 Nf6 4. Nc3 e6 5. Nf3 Nbd7 6. cxd5 exd5 7. Bd3 Bd6 8. 0-0 0-0 9. h3 Qe7 10. Qc2 Re8 11. Nd2 Bb4 12. a3 Bxc3 13. bxc3 Nf8 14. Bf5 Bxf5 15. Qxf5 Ne4 16. Nxe4 Qxe4 17. Qxe4 Rxe4 18. a4 Nd7 19. a5 Ree8 20. Ba3 b5 21. axb6 axb6 22. Bd6 f5 23. Rfb1 Kf7 24. Kf1 Ke6 25. Bc7 b5 26. Ke2 Rec8 27. Bf4 h6 28. h4 Nb6 29. Be5 g6 30. Bf4 h5 31. Kd3 Nc4 32. f3 Ra4 33. Rxa4 bxa4 34. e4 a3 35. e5 a2 36. Ra1 Ra8 37. Kc2 Na3+ 38. Kb3 Nb1 39. Bc1 c5 40. Bb2 Nd2+ 41. Kc2 Nc4 42. Bc1 Na3+ 43. Bxa3 Rxa3 44. Kb2 Ra4 45. Rxa2 Rc4 46. Ra6+ Kd7 47. Rd6+ Kc7 48. Rxd5 cxd4 49. cxd4 Rb4+ 50. Kc3 Rb1 51. Rd6 Rh1 52. Rxg6 Rxh4 53. Kc4 Kd7 54. Kd5 Ke7 55. Rg7+ Kf8 56. Rd7 Rh2 57. e6 Rxg2 58. Kd6 Re2 59. Rh7 1-0

[Event "Kemer Turkey Cup"]
[Site "Kemer"]
[Date "2014.02.04"]
[Round "5"]
[White "Yaver, Faik Emre"]
[Black "Cosan, Gokmen"]
[Result "1-0"]
[WhiteElo "1876"]
[BlackElo "1765"]
[PlyCount "49"]
[EventDate "2014.02.01"]
[EventType "swiss"]
[EventRounds "9"]
[EventCountry "TUR"]
[SourceTitle "CBM 158 Extra"]
[Source "ChessBase"]
[SourceDate "2014.02.28"]
[SourceVersion "1"]
[SourceVersionDate "2014.02.28"]
[SourceQuality "1"]

1. e4 e6 2. d4 d5 3. Nc3 Bb4 4. e5 Ne7 5. a3 Bxc3+ 6. bxc3 c5 7. h4 b6 8. h5 h6 9. Qg4 Kf8 10. Bd3 Ba6 11. Bxa6 Nxa6 12. Ne2 Rc8 13. Rh3 cxd4 14. Nxd4 Nc5 15. Rf3 Qd7 16. a4 Nc6 17. Rg3 Rg8 18. Nxc6 Qxc6 19. Bxh6 Ne4 20. Bxg7+ Ke8 21. Re3 Rxg7 22. Qxg7 d4 23. Rf3 Nd6 24. exd6 Qe4+ 25. Kf1 1-0

[Event "Kemer Turkey Cup"]
[Site "Kemer"]
[Date "2014.02.03"]
[Round "4"]
[White "Cosan, Gokmen"]
[Black "Bagci, Hikmet"]
[Result "1/2-1/2"]
[WhiteElo "1765"]
[BlackElo "1909"]
[PlyCount "131"]
[EventDate "2014.02.01"]
[EventType "swiss"]
[EventRounds "9"]
[EventCountry "TUR"]
[SourceTitle "CBM 158 Extra"]
[Source "ChessBase"]
[SourceDate "2014.02.28"]
[SourceVersion "1"]
[SourceVersionDate "2014.02.28"]
[SourceQuality "1"]

1. d4 d5 2. Nf3 c6 3. e3 Nf6 4. Bd3 Bg4 5. Nbd2 e6 6. 0-0 Bd6 7. c4 Nbd7 8. Qc2 Rc8 9. b3 0-0 10. Bb2 Re8 11. Ne5 Nf8 12. c5 Bb8 13. f4 Bh5 14. h3 Bg6 15. g4 Bxd3 16. Qxd3 Ng6 17. Qe2 Nd7 18. Qf2 Rf8 19. Nxd7 Qxd7 20. h4 Qd8 21. Nf3 h6 22. h5 Ne7 23. Kg2 Kh8 24. Rh1 f5 25. g5 Rg8 26. Rh3 b5 27. b4 a5 28. a3 a4 29. Rah1 Qf8 30. Kf1 Kh7 31. Qg3 Re8 32. g6+ Kh8 33. Ng5 hxg5 34. h6 g4 35. hxg7+ Kxg7 36. Rh7+ Kxg6 37. Qh4 Rg7 38. Qh5+ Kf6 39. Rxg7 Kxg7 40. Qh7+ Kf6 41. Rh6+ Qxh6 42. Qxh6+ Ng6 43. Qh7 Rh8 44. Qb7 Ne7 45. Kg2 Rg8 46. Bc3 Ng6 47. Be1 Bxf4 48. exf4 Nxf4+ 49. Kf1 g3 50. Bxg3 Rxg3 51. Qb8 Rf3+ 52. Ke1 Ng6 53. Qd8+ Kf7 54. Qc7+ Ne7 55. Qh2 Rxa3 56. Qh7+ Kf6 57. Qh8+ Kf7 58. Qh7+ Kf6 59. Qh4+ Kf7 60. Qh7+ Kf6 61. Qh4+ Kf7 62. Qh7+ Ke8 63. Qh8+ Kf7 64. Qh7+ Kf6 65. Qh4+ Kf7 66. Qe4 1/2-1/2

[Event "Kemer Turkey Cup"]
[Site "Kemer"]
[Date "2014.02.02"]
[Round "2"]
[White "Cosan, Gokmen"]
[Black "Ibik, Halit Yavuz"]
[Result "1-0"]
[WhiteElo "1765"]
[BlackElo "1659"]
[PlyCount "91"]
[EventDate "2014.02.01"]
[EventType "swiss"]
[EventRounds "9"]
[EventCountry "TUR"]
[SourceTitle "CBM 158 Extra"]
[Source "ChessBase"]
[SourceDate "2014.02.28"]
[SourceVersion "1"]
[SourceVersionDate "2014.02.28"]
[SourceQuality "1"]

1. d4 d5 2. Nf3 c6 3. c4 Nf6 4. e3 e6 5. Bd3 Bd6 6. 0-0 0-0 7. b3 Nbd7 8. Bb2 Ne4 9. Nbd2 f5 10. Ne5 Bxe5 11. dxe5 Qa5 12. Nf3 Ndc5 13. a3 Nxd3 14. Qxd3 b6 15. Qc2 Qc5 16. Bd4 Qe7 17. cxd5 cxd5 18. Rfc1 Rf7 19. Ne1 Ng5 20. Nd3 Bb7 21. f3 h6 22. Qb2 Rff8 23. Rc3 Rac8 24. Rac1 Qd7 25. b4 Ba6 26. Rxc8 Rxc8 27. Rxc8+ Qxc8 28. b5 Qc4 29. bxa6 Qxd3 30. Qb4 Qd1+ 31. Kf2 Qc2+ 32. Kg3 Qc7 33. a4 Nf7 34. f4 Nd8 35. Qd6 Qc8 36. Qe7 Nc6 37. Qb7 Qe8 38. a5 Nxd4 39. exd4 Qb5 40. axb6 axb6 41. a7 Qd3+ 42. Kh4 Qe3 43. a8Q+ Kh7 44. g3 Qf3 45. h3 b5 46. Qf7 1-0

[Event "TUR-ch"]
[Site "Kemer"]
[Date "2012.02.02"]
[Round "7"]
[White "Cosan, Gokmen"]
[Black "Uce, Ersan"]
[Result "1-0"]
[WhiteElo "1928"]
[BlackElo "1480"]
[PlyCount "58"]
[EventDate "2012.01.29"]
[EventType "swiss"]
[EventRounds "10"]
[EventCountry "TUR"]
[SourceTitle "CBM 146 Extra"]
[Source "ChessBase"]
[SourceDate "2012.02.29"]
[SourceVersion "1"]
[SourceVersionDate "2012.02.29"]
[SourceQuality "1"]

1. d4 Nf6 2. c4 c5 3. d5 b5 4. cxb5 a6 5. Nc3 g6 6. f3 Bg7 7. e4 d6 8. bxa6 0-0 9. Bd3 Bxa6 10. Bxa6 Nxa6 11. Nge2 Qa5 12. 0-0 Rfb8 13. Rb1 Nc7 14. a3 Nd7 15. Bg5 Kf8 16. f4 Nb5 17. Nxb5 Rxb5 18. Nc3 Rbb8 19. Qf3 Bxc3 20. bxc3 Qxa3 21. Qh3 Nf6 22. Bxf6 exf6 23. Rxb8+ Rxb8 24. Qd7 Qa6 25. e5 Rb2 26. Qd8+ Kg7 27. Qxf6+ Kg8 28. e6 fxe6 29. dxe6 Qe2 1-0

[Event "TUR-ch"]
[Site "Kemer"]
[Date "2012.01.30"]
[Round "3"]
[White "Dogan, Mire Deniz"]
[Black "Cosan, Gokmen"]
[Result "1-0"]
[WhiteElo "1641"]
[BlackElo "1928"]
[PlyCount "79"]
[EventDate "2012.01.29"]
[EventType "swiss"]
[EventRounds "10"]
[EventCountry "TUR"]
[SourceTitle "CBM 146 Extra"]
[Source "ChessBase"]
[SourceDate "2012.02.29"]
[SourceVersion "1"]
[SourceVersionDate "2012.02.29"]
[SourceQuality "1"]

1. d4 Nf6 2. c4 g6 3. Nc3 Bg7 4. e4 d6 5. Be2 0-0 6. f4 c5 7. dxc5 dxc5 8. Qxd8 Rxd8 9. e5 Ne8 10. Be3 Na6 11. Nf3 Bf5 12. Kf2 b6 13. Rhd1 Nb4 14. Nd5 Nc2 15. Nxe7+ Kf8 16. Nxf5 Nxa1 17. Rxa1 gxf5 18. Nh4 f6 19. Nxf5 fxe5 20. Nxg7 Nxg7 21. fxe5 Nf5 22. Bf3 Rab8 23. Bf4 Rd4 24. g3 Rxc4 25. Kg2 Rd8 26. Rf1 Kg7 27. Bg5 Re8 28. Bf6+ Kg6 29. Kh3 Rd4 30. Re1 Ng7 31. Be4+ Kh6 32. g4 Ne6 33. Kh4 Rg8 34. Bf5 Ng5 35. Re3 Rf4 36. e6 Nf3+ 37. Rxf3 Rxf3 38. g5+ Rxg5 39. Bxg5+ Kg7 40. e7 1-0